Persian Gulf Countries on a Map Quiz Stats

Quiz Updated Jan 4, 2015

Challenge
Share
Tweet
Score 0/8 Timer 01:30
10 Plays Today
% Correct
Iran
97.3%
Saudi Arabia
96.3%
Iraq
94.8%
United Arab Emirates
93.5%
Kuwait
91.1%
Oman
90.3%
Qatar
86.7%
Bahrain
74.7%

You're not logged in!

Compare scores with friends on all Sporcle quizzes.
Sign Up with Email
OR
Log In

You Might Also Like...

Show Comments

Extras

Top Quizzes Today


Score Distribution

Your Account Isn't Verified!

In order to create a playlist on Sporcle, you need to verify the email address you used during registration. Go to your Sporcle Settings to finish the process.